01020nam a22002177a 4500003000400000020001800004082001600022100002400038245002800062250000800090260002700098300000800125650001300133653001900146942001200165952015200177952015200329952015200481952015200633999001700785SGT a9780702051449 a614.4bP14R aREES, JUDITH A . ed aPHARMACEUTICAL PRACTICE a5th aLONDONbELSEVIERc2014 a552 aPRACTICE aPHARMACEUTICAL 2ddccBK 00102ddc4051708FPaAPLbAPLcREFd2022-06-27eAHUJA PUBLICATIONg2700.00iSGTUo614.4 P14RpFP4284r2022-06-27 00:00:00w2022-05-19yBKk14474 00102ddc4051708FPaAPLbAPLcREFd2022-06-27eAHUJA PUBLICATIONg2700.00iSGTUo614.4 P14RpFP4285r2022-06-27 00:00:00w2022-05-19yBKk14474 00102ddc4051708FPaAPLbAPLcREFd2022-06-27eAHUJA PUBLICATIONg2700.00iSGTUo614.4 P14RpFP4286r2022-06-27 00:00:00w2022-05-19yBKk14474 00102ddc4051708FPaAPLbAPLcREFd2022-06-27eAHUJA PUBLICATIONg2700.00iSGTUo614.4 P14RpFP4287r2022-06-27 00:00:00w2022-05-19yBKk14474 c22940d22940